00272pab a2200109 454500008004000000245006300040260000900103300000800112362001200120650001000132773002000142180718b1990 xxu||||| |||| 00| 0 eng d aEducation, women entrepreneurship and national development c1990 a2-4 a16 Jul. aWomen aUniversity News